[Event "Exerciser Quad 5: SECTION 1 (2023)"]
[Site "MInneapolis, MN"]
[Date "2018.05.05"]
[Round "2.1"]
[White "Wasserman, Eddie"]
[Black "Hoover, Nathan"]
[Result "0-1"]
[WhiteElo "1928"]
[BlackElo "2025"]

1. e4 e5 2. Nf3 Nc6 3. Bb5 f5 4. d3 fxe4 5. dxe4 Nf6 6. O-O Bc5 7. Bxc6 bxc6
8. Nxe5 O-O 9. Nc3 d6 10. Nd3 Bb6 11. h3 Qe8 12. Qe2 Nh5 13. Be3 c5 14. a4 Ba5
15. Bd2 Bb7 16. Rae1 Qf7 17. Qe3 c4 18. Nc1 Bb6 19. Qe2 Ng3 20. Qg4 Bxf2+ 21.
Kh2 Nxf1+ 22. Rxf1 Bg3+ 23. Kxg3 Qxf1 24. N1e2 Rae8 25. Nd4 Qf2+ {#R} 0-1

[Event "Exerciser Quad 5: SECTION 1 (2023)"]
[Site "MInneapolis, MN"]
[Date "2018.05.05"]
[Round "3.1"]
[White "Hoover, Nathan"]
[Black "Azar, Steven"]
[Result "0-1"]
[WhiteElo "2025"]
[BlackElo "2025"]

1. e4 e6 2. Nf3 d5 3. e5 c5 4. b4 cxb4 5. d4 Nc6 6. a3 Nh6 7. axb4 Bxb4+ 8. c3
Be7 9. Bd3 Nf5 10. O-O O-O 11. Na3 f6 12. Qe2 fxe5 13. dxe5 Bd7 14. Rd1 Be8
15. h3 Bg6 16. Bb1 Qb6 17. c4 Nfd4 18. Nxd4 Nxd4 19. Qa2 Nb3 {White's time
expired. } {#R} 0-1

[Event "Thursday Knighter V: PREMIER"]
[Site "Minneapolis, MN"]
[Date "2018.05.10"]
[Round "2.1"]
[White "Cooklev, Steven"]
[Black "Hoover, Nathan"]
[Result "1-0"]
[WhiteElo "1496"]
[BlackElo "1979"]

1. e4 e5 2. Bc4 Nf6 3. d3 Bc5 4. Nc3 a6 5. f4 d6 6. Nf3 Nc6 7. Nd5 h6 8. c3
O-O 9. f5 Nb8 10. Nxf6+ Qxf6 11. g4 d5 12. Bxd5 Qd6 13. Nh4 c6 14. Bb3 Rd8 15.
Ke2 Qf6 16. Qe1 Nd7 17. Qg3 Be7 18. Ng6 Qd6 19. g5 h5 20. Nxe7+ Qxe7 21. g6
{#r} 1-0

[Event "Thursday Knighter V: PREMIER"]
[Site "Minneapolis, MN"]
[Date "2018.05.10"]
[Round "2.2"]
[White "Buyukdag, Yusuf"]
[Black "Narayanan, Samrug"]
[Result "0-1"]
[WhiteElo "1102"]
[BlackElo "1183"]

1. d4 d5 2. c4 e6 3. Nc3 Be7 4. cxd5 exd5 5. Qc2 c6 6. h3 Nf6 7. Bg5 h6 8. Bh4
Be6 9. e3 O-O 10. Bd3 Re8 11. Nge2 Nbd7 12. Nf4 Bd6 13. Nxe6 Rxe6 14. Bf5 Re7
15. Bxd7 Rxd7 16. Bxf6 Qxf6 17. O-O Re8 18. a4 Rde7 19. a5 h5 20. a6 b6 21.
Nd1 c5 22. Nc3 Qe6 23. dxc5 bxc5 24. Rfd1 d4 25. Nb5 Bb8 26. exd4 Qe1+ {#R}
0-1

[Event "Thursday Knighter V: PREMIER"]
[Site "Minneapolis, MN"]
[Date "2018.05.10"]
[Round "2.3"]
[White "Zelkind, Eduard"]
[Black "McNeil, John"]
[Result "1-0"]
[WhiteElo "2200"]
[BlackElo "1757"]

1. Nf3 Nf6 2. e3 g6 3. c4 c5 4. Be2 Bg7 5. Nc3 O-O 6. d4 d6 7. O-O Na6 8. Re1
Bd7 9. b3 Nc7 10. Qc2 a6 11. Ba3 b6 12. Rad1 Rb8 13. Bb2 b5 14. dxc5 dxc5 15.
Ne5 Qc8 16. Nxd7 Nxd7 17. cxb5 axb5 18. Bg4 f5 19. Be2 Nf6 20. a4 bxa4 21.
Bc4+ Kh8 22. Nxa4 Nce8 23. Be5 Rb4 24. Re2 Qc6 25. Red2 Ne4 26. Bxg7+ Kxg7 27.
Bd5 Qf6 28. Bxe4 fxe4 29. Nxc5 Qc6 30. Qc3+ {#r} 1-0

[Event "Thursday Knighter V: PREMIER"]
[Site "Minneapolis, MN"]
[Date "2018.05.10"]
[Round "2.4"]
[White "Wisniewski, Vincent"]
[Black "Gibbins, Wilson"]
[Result "0-1"]
[WhiteElo "1432"]
[BlackElo "1018"]

1. d4 Nf6 2. c4 e6 3. Nc3 Bb4 4. Qc2 O-O 5. a3 Bxc3+ 6. Qxc3 d5 7. Nf3 dxc4 8.
Qxc4 b6 9. Bf4 Ba6 10. Qxc7 Qd5 11. Rc1 Nbd7 12. Qd6 Qa2 13. Ne5 Nxe5 14. Qxe5
Rac8 15. Bd2 Rxc1+ 16. Bxc1 Rc8 17. Qf4 Qb1 18. Kd1 Qc2+ 19. Ke1 Qxc1+ 20.
Qxc1 Rxc1+ 21. Kd2 Rb1 22. Kc2 Ra1 23. f3 Bxe2 24. Bxe2 Rxh1 25. h3 Nd5 {#R}
0-1

[Event "Thursday Knighter V: PREMIER"]
[Site "Minneapolis, MN"]
[Date "2018.05.10"]
[Round "2.5"]
[White "Newhall, Peter"]
[Black "Louie, Terry"]
[Result "1-0"]
[WhiteElo "1067"]
[BlackElo "1506"]

1. d4 Nf6 2. Nf3 g6 3. Nc3 Bg7 4. e4 O-O 5. Be3 d6 6. Qd2 Re8 7. O-O-O c6 8.
Bh6 Bh8 9. h4 Qa5 10. Ng5 b5 11. h5 e5 12. hxg6 hxg6 13. dxe5 dxe5 14. Qd6 Ng4
15. Be2 Nxh6 16. Rxh6 Bg7 17. Rdh1 Qd8 18. Rh8+ Bxh8 19. Rxh8+ Kg7 20. Qxd8
Rxh8 21. Qe7 Rf8 22. Qxe5+ Kh6 23. Qf4 Kg7 24. e5 Nd7 25. e6 Nf6 26. exf7 Bf5
27. g4 Bd7 28. Nce4 Nxe4 29. Qxe4 Rad8 30. Bd3 Rh8 31. Qxg6+ Kf8 32. Nh7+ Rxh7
33. Qxh7 Bxg4 34. Qg8+ {#r} 1-0

[Event "Thursday Knighter V: OPEN"]
[Site "Minneapolis, MN"]
[Date "2018.05.10"]
[Round "2.2"]
[White "Gisselquist, Peter"]
[Black "Heinisch, Michael"]
[Result "1/2-1/2"]
[WhiteElo "1018"]
[BlackElo "1300"]

1. e4 e5 2. Nf3 Nc6 3. Bb5 Nd4 4. Bc4 Bc5 5. O-O d6 6. c3 Nxf3+ 7. Qxf3 Nf6 8.
d3 Bg4 9. Qg3 h5 10. d4 exd4 11. e5 dxe5 12. Qxe5+ Qe7 13. cxd4 Qxe5 14. dxe5
Nd7 15. Bf4 Bd4 16. Nc3 O-O-O 17. Rfe1 Be6 18. Bxe6 fxe6 19. Rac1 Rdf8 20. Be3
Bxe5 21. Nb5 a6 22. Bd4 Bf4 23. Nxc7 Bxc1 24. Rxc1 e5 25. Ne6+ Kb8 26. Nxf8
Rxf8 27. Bc3 Rf5 {#d} 1/2-1/2

[Event "Thursday Knighter V: OPEN"]
[Site "Minneapolis, MN"]
[Date "2018.05.10"]
[Round "2.3"]
[White "Wijetunge, Ivan"]
[Black "Landman, Kevin"]
[Result "1-0"]
[WhiteElo "2055"]
[BlackElo "1506"]

1. d4 Nf6 2. Bf4 g6 3. Nc3 Bg7 4. e4 d6 5. Qd2 Nbd7 6. Nf3 O-O 7. Bh6 c5 8. d5
a6 9. a4 Qc7 10. h4 e6 11. h5 exd5 12. hxg6 fxg6 13. Bxg7 Kxg7 14. Qh6+ Kf7
15. Ng5+ Ke8 16. Ne6 Qa5 17. Nxf8 Nxf8 18. exd5 Nxd5 19. Bc4 Nxc3 20. Qe3+
Ne4+ 21. c3 Bf5 22. g4 Kd7 23. gxf5 Re8 24. Be6+ Nxe6 25. fxe6+ Rxe6 26. Rxh7+
Kc8 27. Kf1 b5 28. Qf4 Nf6 29. Rf7 Nd7 30. Qg4 bxa4 31. Qxe6 Qb5+ 32. c4 Qc6
33. Qxd7+ {#r} 1-0

[Event "Thursday Knighter V: OPEN"]
[Site "Minneapolis, MN"]
[Date "2018.05.10"]
[Round "2.4"]
[White "Humphreys, Terry"]
[Black "Mauser, Samuel"]
[Result "1-0"]
[WhiteElo "1912"]
[BlackElo "1645"]

1. e4 e6 2. d4 d5 3. Nc3 Nf6 4. e5 Nfd7 5. f4 c5 6. Nf3 Nc6 7. Be3 cxd4 8.
Nxd4 Bb4 9. Nb3 Bxc3+ 10. bxc3 f6 11. exf6 Nxf6 12. Bd3 O-O 13. O-O e5 14. c4
d4 15. fxe5 dxe3 16. exf6 Rxf6 17. Qe2 Re6 18. Rf3 Nd4 19. Nxd4 Qxd4 20. Re1
Bd7 21. Rd1 Qb6 22. Bxh7+ Kxh7 23. Rxd7 Rae8 24. h3 Rd6 25. Rxd6 Qxd6 26. Rxe3
Qb6 27. Qh5+ {#r} 1-0

[Event "Thursday Knighter V: OPEN"]
[Site "Minneapolis, MN"]
[Date "2018.05.10"]
[Round "2.5"]
[White "Svenson, Michael"]
[Black "Heinisch, Steven"]
[Result "1/2-1/2"]
[WhiteElo "1528"]
[BlackElo "1300"]

1. d4 d5 2. c4 e6 3. Nf3 Nf6 4. g3 Be7 5. Bg2 dxc4 6. O-O O-O 7. Nc3 Nbd7 8.
e4 b6 9. Nd2 Bb7 10. Nxc4 Ba6 11. Qa4 Bxc4 12. Qxc4 Rc8 13. e5 Ne8 14. Bb7 Rb8
15. Qc6 f6 16. Rd1 {#d} 1/2-1/2

[Event "Thursday Knighter V: OPEN"]
[Site "Minneapolis, MN"]
[Date "2018.05.10"]
[Round "2.7"]
[White "Gabrielson, Dean"]
[Black "Melander, Robert"]
[Result "1/2-1/2"]
[WhiteElo "1519"]
[BlackElo "1541"]

1. Nf3 d5 2. d4 c5 3. c3 Nc6 4. g3 Nf6 5. Bg2 Bf5 6. O-O e6 7. Nbd2 Qb6 8. Qb3
c4 9. Qxb6 axb6 10. Nh4 Bg6 11. Nxg6 hxg6 12. e4 Be7 13. Re1 O-O 14. exd5 exd5
15. Nf1 Ra5 16. Bg5 Rfa8 17. a3 Bd6 18. Re2 Nh7 19. Bd2 Nf8 20. Rae1 Rb5 21.
Bc1 Ne6 22. Bh3 Nc7 23. Ne3 f5 24. Ng2 Kf7 25. Bf4 Bxf4 26. Nxf4 g5 27. Ne6
Nxe6 28. Rxe6 g6 29. R1e2 Rd8 30. Bg2 Rd7 31. f4 gxf4 32. gxf4 Re7 33. Rxe7+
Nxe7 34. Bf3 Ng8 35. Re5 Nf6 36. Kf1 Rxb2 37. Bxd5+ Nxd5 38. Rxd5 Ke6 39. Re5+
Kd6 40. a4 Rxh2 41. Rb5 Kc7 42. Rb4 Rh4 43. Rxc4+ Kd6 44. d5 Kxd5 45. Rd4+ Kc5
46. Ke2 Rh2+ 47. Kd3 Rh3+ 48. Kc2 Rf3 49. Kb3 Re3 50. Rc4+ Kd6 51. Rb4 Kc7 52.
Rc4+ Kb8 53. Rd4 Re6 54. Kb4 Kc7 55. Kb5 Rc6 56. Kb4 Rc5 57. c4 Rc6 58. Kc3
Re6 59. Rd5 Re4 60. Rd4 Rxd4 61. Kxd4 Kd6 62. Kc3 Ke6 63. Kd4 Kf6 64. c5 bxc5+
65. Kxc5 g5 66. fxg5+ Kxg5 67. Kb6 f4 68. Kxb7 f3 69. a5 f2 70. a6 f1=Q 71. a7
Qf3+ 72. Kb8 Qf8+ 73. Kb7 Qe7+ 74. Kb8 Qe8+ 75. Kb7 Qe4+ 76. Kb8 Qb4+ 77. Ka8
Qa5 78. Kb7 Qb5+ 79. Ka8 Qa6 80. Kb8 Qb6+ 81. Ka8 Qd6 82. Kb7 Qd5+ 83. Kb8
Qe5+ 84. Kb7 Qb5+ 85. Ka8 Qc6+ 86. Kb8 Qb6+ 87. Ka8 Qa5 88. Kb7 Qb5+ 89. Ka8
Qc4 90. Kb7 Qc1 91. a8=Q Qb2+ 92. Kc7 Qg7+ 93. Kb6 Qf6+ 94. Qc6 Qxc6+ 95. Kxc6
{#d} 1/2-1/2

[Event "Thursday Knighter V: OPEN"]
[Site "Minneapolis, MN"]
[Date "2018.05.10"]
[Round "2.10"]
[White "Sorlie, Mark"]
[Black "Niederluecke, Max"]
[Result "1-0"]
[WhiteElo "2025"]
[BlackElo "1067"]

1. d4 c6 2. Bf4 d5 3. e3 Bf5 4. c4 Nf6 5. Qb3 Qb6 6. c5 Qxb3 7. axb3 Nbd7 8.
Be2 e6 9. h3 b6 10. cxb6 Nxb6 11. Nd2 Bb4 12. f3 Nbd7 13. Ba6 Ke7 14. Bb7 c5
15. Bxa8 Rxa8 16. Kd1 Nb6 17. Bc7 Nfd7 18. Ne2 c4 19. Nc3 a5 20. e4 Bg6 21.
exd5 Nxd5 22. Nxd5+ exd5 23. bxc4 dxc4 24. Re1+ Kf8 25. Re3 Ra7 26. Bg3 Nb6
27. Bf2 Nd5 28. Re5 Nf4 29. Rb5 Nd3 30. Rb8+ Ke7 31. Bh4+ f6 32. Nxc4 Rc7 33.
b3 Bf7 34. Bg3 Rd7 35. Nxa5 Bxa5 36. Rxa5 Rxd4 37. Ra7+ Ke6 38. Rb6+ Kf5 39.
Rxf7 Ne5+ 40. Kc2 Nxf7 41. Bf2 Rd7 42. Rb5+ Ke6 43. b4 Ne5 44. Rb6+ Rd6 45.
Kc3 Kd7 46. Rb7+ Kc8 47. Rxg7 Rd3+ 48. Kc2 Rd7 49. Rxd7 Kxd7 50. f4 Nc4 51.
Bd4 f5 52. Kc3 Nd6 53. Bg7 Ne8 54. Be5 Kc6 55. Kc4 h6 56. g4 fxg4 57. hxg4 Kd7
58. Kc5 Ke6 59. Kc6 {#r} 1-0

[Event "Thursday Knighter V: OPEN"]
[Site "Minneapolis, MN"]
[Date "2018.05.10"]
[Round "2.11"]
[White "Lothrop, Bill"]
[Black "Tordsen, Larry"]
[Result "1-0"]
[WhiteElo "1209"]
[BlackElo "1877"]

1. e4 c5 2. Nf3 Nc6 3. Bc4 e6 4. O-O d6 5. Nc3 Nf6 6. d3 Be7 7. a3 O-O 8. Bb3
h6 9. Bd2 a6 10. Qc1 Ng4 11. h3 Nge5 12. Nxe5 Nxe5 13. Bxh6 gxh6 14. Qxh6 Bg5
15. Qh5 Ng6 16. Ne2 e5 17. g3 Kg7 18. f4 Rh8 19. Qxg5 Qxg5 20. fxg5 Be6 21.
Bxe6 fxe6 {Game score inaccurate or illegible.} 22. h4 Raf8 23. Rxf8 Kxf8 24.
Rf1+ Ke7 25. c4 a5 {Game score inaccurate or illegible.} {#r} 1-0

[Event "Thursday Knighter V: PREMIER"]
[Site "Minneapolis, MN"]
[Date "2018.05.17"]
[Round "3.1"]
[White "Narayanan, Samrug"]
[Black "Cooklev, Steven"]
[Result "1/2-1/2"]
[WhiteElo "1183"]
[BlackElo "1496"]

1. e4 e5 2. Nf3 Nc6 3. Bb5 a6 4. Ba4 Nf6 5. O-O Nxe4 6. d4 b5 7. Bb3 d5 8.
Nxe5 Nxe5 9. dxe5 c6 10. c3 Bc5 11. Nd2 Nxd2 12. Bxd2 Bf5 13. Bc2 Qd7 14. Bf4
O-O 15. Rc1 a5 16. Qd2 Rfe8 17. Rfe1 d4 18. Red1 Bg4 19. Qd3 g6 20. Rf1 dxc3
21. Qxd7 Bxd7 22. bxc3 a4 23. Rfe1 Be6 24. Bb1 Rad8 25. Rcd1 Rxd1 26. Rxd1 Bd5
27. h4 f6 28. exf6 Re2 29. Bg3 Kf7 30. h5 Kxf6 31. Bh4+ g5 32. Bg3 h6 33. Kh2
a3 34. Kh3 Be6+ 35. Kh2 Bxa2 36. Bxa2 Rxa2 37. Bd6 Bxf2 38. Rf1 Ke6 39. Bf8 g4
40. Bxh6 g3+ 41. Kh3 Kf5 42. Bf8 Rc2 43. h6 Kg6 44. Bxa3 Rxc3 45. Bf8 Rc4 46.
Rd1 Kh5 47. Be7 Kxh6 48. Rd8 Kg6 49. Rf8 b4 50. Rf6+ Kg7 51. Rf3 Re4 52. Bxb4
Rxb4 53. Rf7+ Kg8 54. Rf8+ Kh7 55. Rf7+ Kg6 56. Rf6+ Kh5 57. Rf5+ Kg6 58. Rf6+
Kxf6 {#d} 1/2-1/2

[Event "Thursday Knighter V: PREMIER"]
[Site "Minneapolis, MN"]
[Date "2018.05.17"]
[Round "3.2"]
[White "Gibbins, Wilson"]
[Black "Britt, Thomas"]
[Result "1/2-1/2"]
[WhiteElo "1018"]
[BlackElo "1460"]

1. c4 Nf6 2. Nf3 e6 3. g3 b6 4. Bg2 Bb7 5. O-O c5 6. Nc3 Be7 7. d4 cxd4 8.
Qxd4 d6 9. Rd1 a6 10. b3 Nbd7 11. e4 Qc7 12. Ba3 Nc5 13. e5 dxe5 14. Qxe5 Rc8
15. Qxc7 Rxc7 16. Bxc5 Bxc5 17. Na4 Ke7 18. Ne5 Bxg2 19. Kxg2 Ba3 20. Rab1 b5
21. Nc3 Rb8 22. Rd3 Rb6 23. Rbd1 Bb2 24. Rb1 Bxc3 25. Rxc3 Ne4 26. Re3 Nd6 27.
cxb5 axb5 28. Rb2 Nf5 29. Rd3 f6 30. Nf3 Rd6 31. Rbd2 Rxd3 32. Rxd3 Rc2 33.
Rd2 Rxd2 34. Nxd2 Kd6 35. Kf3 Kc5 36. Ke4 Kb4 37. Nb1 Nh6 38. h3 Nf7 39. h4
Nd6+ 40. Kd4 Nf5+ 41. Ke4 Nd6+ 42. Kd4 Nf5+ 43. Ke4 {#d} 1/2-1/2

[Event "Thursday Knighter V: PREMIER"]
[Site "Minneapolis, MN"]
[Date "2018.05.17"]
[Round "3.3"]
[White "Hoover, Nathan"]
[Black "Wasserman, Eddie"]
[Result "1-0"]
[WhiteElo "1979"]
[BlackElo "1928"]

1. e4 c5 2. Nf3 d6 3. d4 cxd4 4. Nxd4 Nf6 5. Nc3 g6 6. Be2 Bg7 7. O-O O-O 8.
Be3 Nc6 9. Kh1 Bd7 10. f4 Rc8 11. Nb3 a5 12. Bf3 Qc7 13. Nb5 Qb8 14. a4 b6 15.
Rf2 Nb4 16. c3 Na6 17. e5 Ne8 18. exd6 Nxd6 19. Nxd6 exd6 20. Rd2 Be6 21. Nd4
Rfd8 22. Nc6 Rxc6 23. Bxc6 Nc5 24. Bd5 Bf5 25. Qf3 Bd7 26. Bd4 Nxa4 27. Bxg7
Kxg7 28. f5 Nc5 29. f6+ Kg8 30. Qf4 {#r} 1-0

[Event "Thursday Knighter V: PREMIER"]
[Site "Minneapolis, MN"]
[Date "2018.05.17"]
[Round "3.4"]
[White "McNeil, John"]
[Black "Newhall, Peter"]
[Result "0-1"]
[WhiteElo "1757"]
[BlackElo "1067"]

1. e4 c5 2. c3 d5 3. exd5 Qxd5 4. d4 g6 5. Nf3 Bg7 6. Be3 cxd4 7. cxd4 Nf6 8.
Nc3 Qd8 9. Bc4 O-O 10. O-O Nc6 11. d5 Na5 12. Be2 b6 13. Rc1 Nb7 14. Ne5 Qd6
15. Bf4 Nh5 16. Bxh5 Bxe5 17. Bxe5 Qxe5 18. Bf3 Nd6 19. Re1 Qf6 20. Qe2 Re8
21. Nb5 Ba6 22. a4 Qf4 23. Qe5 Qxe5 24. Rxe5 Bxb5 25. axb5 Rac8 26. Rc6 Nxb5
27. h3 Kf8 28. Re4 Rxc6 29. dxc6 Rd8 30. Rc4 Nc7 31. Kf1 e6 32. Ke2 h5 33. Ke3
Ke7 34. Ra4 a6 35. Rc4 b5 36. Rc2 Rd6 37. g4 hxg4 38. Bxg4 Nd5+ 39. Ke2 Kd8
40. Bf3 Kc7 41. Bxd5 Rxd5 42. Ke3 Rd6 43. Ke4 Rxc6 44. Rd2 Rd6 45. Rc2+ Kb6
46. Ke5 Rd5+ 47. Ke4 Ka5 48. Rc7 Rf5 49. Ke3 Kb4 50. Rc3 a5 51. Kd2 a4 52. Ra3
Rc5 53. Kd3 Rc4 54. Kd2 e5 55. Re3 e4 56. f3 Rd4+ 57. Kc2 f5 58. fxe4 Rxe4 59.
Rg3 Re2+ 60. Kb1 Re6 61. Rf3 Kc4 62. Rc3+ Kd4 63. Rc8 Re3 64. Rd8+ Kc4 65.
Rc8+ Kb3 66. Rc1 Rxh3 67. Rg1 g5 68. Rf1 g4 {#R} 0-1

[Event "Thursday Knighter V: PREMIER"]
[Site "Minneapolis, MN"]
[Date "2018.05.17"]
[Round "3.5"]
[White "Boardman, Larry"]
[Black "Buyukdag, Yusuf"]
[Result "1/2-1/2"]
[WhiteElo "1971"]
[BlackElo "1102"]

1. e4 c5 2. Nf3 Nc6 3. d4 cxd4 4. Nxd4 g6 5. Be3 Bg7 6. c3 Nf6 7. f3 O-O 8.
Qd2 d5 9. Nxc6 bxc6 10. e5 Ne8 11. f4 f6 12. exf6 Nxf6 13. Bd3 Ng4 14. O-O e5
15. Bc5 Rxf4 16. Na3 Bh6 17. Qe2 e4 18. Bc2 Qc7 19. g3 Rxf1+ 20. Rxf1 Ne5 21.
Be3 Bg4 22. Qe1 Qg7 23. Qc1 Bxe3+ 24. Qxe3 Nf3+ 25. Kh1 Rf8 26. Bd1 g5 27.
Bxf3 Bxf3+ 28. Kg1 h5 29. Nc2 g4 30. Nd4 Qf6 31. Rf2 Rf7 32. Kf1 h4 33. Ke1
hxg3 34. hxg3 Rh7 35. Kd2 Rh3 36. Nxf3 gxf3 37. g4 Qh6 38. g5 Qd6 39. Qxa7
Qf4+ 40. Qe3 Qxe3+ 41. Kxe3 Rg3 42. a4 Rxg5 43. a5 c5 44. c4 dxc4 45. Kxe4 Rg2
46. Kxf3 Rg7 47. Ke4 Ra7 48. Kd5 Rxa5 49. Kxc4 Kg7 50. Rf5 Ra4+ 51. Kd5 Ra5
52. Kc6 Ra2 53. Rf2 c4 54. Rc2 c3 55. Rxc3 {#d} 1/2-1/2

[Event "Thursday Knighter V: PREMIER"]
[Site "Minneapolis, MN"]
[Date "2018.05.17"]
[Round "3.7"]
[White "Louie, Terry"]
[Black "Wisniewski, Vincent"]
[Result "0-1"]
[WhiteElo "1506"]
[BlackElo "1432"]

1. d4 d5 2. c4 dxc4 3. e3 Nf6 4. Bxc4 e6 5. Nf3 Be7 6. O-O c5 7. Qb3 Nc6 8.
Rd1 cxd4 9. exd4 Qb6 10. Qe3 O-O 11. Nc3 Re8 12. Ne4 Bd7 13. Bd3 Nb4 14. Bb1
Bc6 15. Nxf6+ Bxf6 16. Ng5 Bxg5 17. Qxg5 Bd5 18. a3 Nc6 19. Rd3 Ne7 20. h4
Rac8 21. b4 Nf5 22. Bb2 Qd8 23. Rh3 Qxg5 24. hxg5 g6 25. g4 Nd6 26. f4 Rc7 27.
Bd3 Rec8 28. Rd1 Ne4 29. Re3 f5 30. gxf6 Nxf6 31. Rg3 Ne4 32. Re3 Nc3 33. Rd2
Na4 34. Kf2 Nxb2 35. Rxb2 Rc1 36. Ke2 Rh1 37. Rc2 Rh2+ {#R} 0-1

[Event "Thursday Knighter V: OPEN"]
[Site "Minneapolis, MN"]
[Date "2018.05.17"]
[Round "3.2"]
[White "Heinisch, Steven"]
[Black "Gisselquist, Peter"]
[Result "0-1"]
[WhiteElo "1300"]
[BlackElo "1018"]

1. e4 e5 2. Nf3 Nc6 3. Bb5 a6 4. Ba4 Nf6 5. O-O b5 6. Bb3 Bb7 7. c3 Nxe4 8. d4
d5 9. dxe5 Na5 10. Bc2 Be7 11. Nbd2 O-O 12. Re1 f5 13. exf6 Nxf6 14. Qe2 Bd6
15. Nd4 Re8 16. Qf1 Rxe1 17. Qxe1 Qf8 18. N2f3 Re8 19. Qf1 Nc4 20. b3 Ne5 21.
Nxe5 Bxe5 22. Bd2 Ne4 23. Bxe4 dxe4 24. Qe2 Qd6 25. Qe3 Bxh2+ 26. Kf1 Rf8 27.
Rd1 Bg3 28. Be1 c5 29. Nf5 Qxd1 30. Nxg3 Qd3+ 31. Kg1 Qxe3 32. fxe3 Rd8 {#R}
0-1

[Event "Thursday Knighter V: OPEN"]
[Site "Minneapolis, MN"]
[Date "2018.05.17"]
[Round "3.3"]
[White "Heinisch, Michael"]
[Black "Lothrop, Jack"]
[Result "0-1"]
[WhiteElo "1300"]
[BlackElo "1506"]

1. e4 c5 2. d4 cxd4 3. c3 dxc3 4. Nxc3 d6 5. Bc4 a6 6. Nf3 Nc6 7. O-O Nf6 8.
Qe2 Bg4 9. Rd1 Bxf3 10. gxf3 Qc7 11. Bf4 e6 12. Nd5 exd5 13. exd5+ Ne5 14.
Rac1 Qe7 15. Re1 Nfd7 16. Qd1 Qf6 17. Re4 Be7 18. Be2 O-O 19. Qb3 b5 20. a4
Rfc8 21. axb5 Rxc1+ 22. Bxc1 Nc5 23. Qa3 Nxe4 24. fxe4 Qg6+ 25. Kf1 Qxe4 26.
f3 Qxd5 27. bxa6 Qc5 28. b4 Qc7 29. f4 Nd7 30. Be3 d5 {#R} 0-1

[Event "Thursday Knighter V: OPEN"]
[Site "Minneapolis, MN"]
[Date "2018.05.17"]
[Round "3.4"]
[White "Baker, John"]
[Black "Myrin, Norman"]
[Result "1-0"]
[WhiteElo "1779"]
[BlackElo "1974"]

1. e4 e5 2. Bc4 d6 3. Nc3 c6 4. Nf3 Be7 5. O-O Nf6 6. d4 Nbd7 7. Re1 O-O 8. a4
a5 9. Bg5 b6 10. Qd3 Bb7 11. Rad1 exd4 12. Qxd4 Qc7 13. Bf4 c5 14. Qd3 Ne5 15.
Bxe5 dxe5 16. Nd5 Nxd5 17. Bxd5 Rad8 18. Qc4 Bf6 19. Rd3 Bxd5 20. exd5 Qd6 21.
Nd2 Be7 22. Qe4 f6 23. c4 Qd7 24. Rh3 g6 25. Qh4 Rf7 26. b3 f5 27. Qh6 e4 28.
f3 Bf8 29. Qg5 Be7 30. Qf4 Bd6 31. Qe3 Be5 32. Kh1 Bd4 33. Qf4 e3 34. Nf1 Re8
35. Re2 Re5 36. Ng3 Qe7 37. Qh4 f4 38. Ne4 Qxh4 39. Rxh4 Rxe4 40. fxe4 f3 41.
gxf3 Rxf3 42. Kg2 Rf7 43. Rh3 Kg7 44. Rexe3 Bxe3 45. Rxe3 Kf6 46. e5+ Ke7 47.
Kg3 Rf5 48. h4 h6 49. Kg4 Rf1 50. Rf3 Re1 51. e6 Re4+ 52. Kg3 Kd6 53. Rf7 Re3+
54. Kf2 Re5 55. Rd7# 1-0

[Event "Thursday Knighter V: OPEN"]
[Site "Minneapolis, MN"]
[Date "2018.05.17"]
[Round "3.5"]
[White "Greenberg, Michael"]
[Black "McGrath, Dennis"]
[Result "0-1"]
[WhiteElo "1018"]
[BlackElo "1645"]

1. d4 d5 2. c4 c6 3. Nf3 Nf6 4. e3 Bf5 5. Nc3 dxc4 6. Bxc4 e6 7. Qe2 Qa5 8.
O-O Be7 9. e4 Bg4 10. a3 Qh5 11. Rd1 Bxf3 12. gxf3 O-O 13. d5 Bd6 14. Qe3
Bxh2+ 15. Kf1 exd5 16. exd5 Re8 17. Qg5 Qxf3 18. Be3 h6 19. Qh4 Ng4 20. Ke1
Nxe3 21. Be2 Ng2+ 22. Kf1 Nxh4 23. Bxf3 Nxf3 24. Kg2 Ne5 25. Kxh2 cxd5 26. Re1
Nf3+ {#R} 0-1

[Event "Thursday Knighter V: OPEN"]
[Site "Minneapolis, MN"]
[Date "2018.05.17"]
[Round "3.6"]
[White "Landman, Kevin"]
[Black "Sorlie, Mark"]
[Result "1-0"]
[WhiteElo "1506"]
[BlackElo "2025"]

1. d4 d5 2. c4 c6 3. Nc3 Nf6 4. Nf3 dxc4 5. a4 Bf5 6. e3 e6 7. Bxc4 Bb4 8. O-O
Nbd7 9. Qe2 Bg6 10. Rd1 O-O 11. Ne5 Qc7 12. Nxg6 hxg6 13. e4 Rae8 14. Bd2 Qa5
15. e5 Nd5 16. Ne4 Bxd2 17. Qxd2 Qxd2 18. Rxd2 N7b6 19. b3 f6 20. Nc5 Re7 21.
Re1 f5 22. a5 Nc8 23. Ra1 a6 24. Rc1 Na7 25. Kf1 Nb5 26. Bxb5 cxb5 27. Nd3 g5
28. Rdc2 Rd8 29. Rc8 Ree8 30. Rxd8 Rxd8 31. Ke2 b4 32. Rc4 Nc3+ 33. Ke1 Nb5
34. Nc5 Nxd4 35. Nxb7 Rd5 36. Rc8+ Kh7 37. Nc5 Rxe5+ 38. Kf1 Nc2 39. Nd3 Rd5
40. Rxc2 Rxd3 41. Rc6 Rxb3 42. Rxa6 e5 43. Rb6 Rb1+ 44. Ke2 Rb2+ 45. Ke3 Rb3+
46. Kd2 Ra3 47. a6 b3 48. Kc3 b2+ 49. Kxb2 Ra5 50. Kb3 e4 51. Kb4 Ra1 52. Kb5
f4 53. Re6 Rb1+ 54. Kc6 Rc1+ 55. Kb7 Rb1+ 56. Ka8 Rb2 57. Rxe4 Rxf2 58. a7
Rxg2 59. Rb4 f3 60. Kb8 Ra2 61. a8=Q Rxa8+ 62. Kxa8 f2 63. Rb1 Kh6 64. Rf1 g4
65. Rxf2 Kh5 66. Rf7 g5 67. Kb7 Kg6 68. Rf8 Kh5 69. Kc6 g3 70. hxg3 Kg4 71.
Rg8 Kh5 72. Kd5 {#r} 1-0

[Event "Thursday Knighter V: OPEN"]
[Site "Minneapolis, MN"]
[Date "2018.05.17"]
[Round "3.9"]
[White "Hale, Roger"]
[Black "Melander, Robert"]
[Result "0-1"]
[WhiteElo "1979"]
[BlackElo "1541"]

1. e4 c5 2. Nf3 Nc6 3. d4 cxd4 4. Nxd4 Qb6 5. Nb3 Nf6 6. Bd3 g6 7. O-O Bg7 8.
Nc3 O-O 9. Be3 Qd8 10. Nd5 Nxd5 11. exd5 Nb4 12. c3 Nxd5 13. Re1 Nxe3 14. Rxe3
d5 15. Qe2 e5 16. Rd1 Qc7 17. Bc2 Be6 18. h3 f5 19. f4 e4 20. g3 Qb6 21. Bb1
Rac8 22. Nd4 Bf7 23. a3 Rc4 24. Ba2 Bxd4 25. cxd4 Rxd4 26. Rxd4 Qxd4 27. Kh2
Rc8 28. Bb1 Rc1 29. Ba2 Ra1 30. Bb3 Rb1 31. Rc3 Qg1# 0-1

[Event "Thursday Knighter V: OPEN"]
[Site "Minneapolis, MN"]
[Date "2018.05.17"]
[Round "3.10"]
[White "Juntunen, Steven"]
[Black "Gabrielson, Dean"]
[Result "1-0"]
[WhiteElo "2133"]
[BlackElo "1519"]

1. e4 e6 2. d4 d5 3. exd5 Qxd5 4. c4 Qe4+ 5. Be3 Nc6 6. Nc3 Bb4 7. Qd2 Nf6 8.
O-O-O Qg6 9. Qd3 a6 10. Nf3 O-O 11. Qxg6 hxg6 12. Ne2 b5 13. c5 Nd5 14. a3 Ba5
15. b4 Bxb4 16. axb4 Ncxb4 17. Nf4 f6 18. Nxd5 exd5 19. Bd2 Nc6 20. Bf4 Ra7
21. Bd3 f5 22. h4 b4 23. Bc2 Na5 24. Nd2 c6 25. Kb2 Nc4+ 26. Nxc4 dxc4 27. Ba4
Bd7 28. h5 gxh5 29. Rxh5 a5 30. Bd6 Re8 31. Be5 Rb7 32. Rdh1 Kf7 33. Rh7 Rg8
34. R1h6 c3+ 35. Kc2 Be6 36. Rxe6 Kxe6 37. Bb3+ Kd7 38. Bxg8 Kc8 39. Be6+ Kd8
40. Rxg7 Rb5 41. Bc4 {#r} 1-0